El sabor de la tierruca

Guardado en:
書目詳細資料
主要作者: Pereda, José María de
格式: 圖書
語言:Undetermined
出版: España Nuevas Gráficas 1951
主題:
標簽: 添加標簽
沒有標簽, 成為第一個標記此記錄!

MARC

LEADER 00000nam a2200000Ia 4500
008 170316s9999 xx 000 0 und d
040 |a cru BVZT 
090 |a 862 P-11s 
100 |a Pereda, José María de 
245 |a El sabor de la tierruca 
260 |a España 
260 |b Nuevas Gráficas 
260 |c 1951 
300 |a 296 páginas 
650 |a LITERATURA ESPAÑOLA 
999 |c 10270  |d 10270 
942 |c 15 D  |h 862 P-11s  |2 z